Pakistan or the partition of india (Record no. 3830)

MARC details
000 -LEADER
fixed length control field 00437nam a22001817a 4500
003 - CONTROL NUMBER IDENTIFIER
control field OSt
005 - DATE AND TIME OF LATEST TRANSACTION
control field 20250718130138.0
008 - FIXED-LENGTH DATA ELEMENTS--GENERAL INFORMATION
fixed length control field 250718b |||||||| |||| 00| 0 eng d
020 ## - INTERNATIONAL STANDARD BOOK NUMBER
International Standard Book Number 9789387436916
082 ## - DEWEY DECIMAL CLASSIFICATION NUMBER
Classification number 954.035
Item number AMPA
100 ## - MAIN ENTRY--PERSONAL NAME
Personal name Ambedkar, B.R.
245 ## - TITLE STATEMENT
Title Pakistan or the partition of india
260 ## - PUBLICATION, DISTRIBUTION, ETC.
Place of publication, distribution, etc. New Delhi
Name of publisher, distributor, etc. Nation press
300 ## - PHYSICAL DESCRIPTION
Extent 481p.
546 ## - LANGUAGE NOTE
Language note English
651 ## - SUBJECT ADDED ENTRY--GEOGRAPHIC NAME
Geographic name History ,India
942 ## - ADDED ENTRY ELEMENTS (KOHA)
Source of classification or shelving scheme Dewey Decimal Classification
Koha item type Book
Holdings
Withdrawn status Lost status Source of classification or shelving scheme Damaged status Not for loan Collection code Home library Current library Shelving location Date acquired Source of acquisition Cost, normal purchase price Inventory number Total Checkouts Total Renewals Full call number Barcode Date last seen Date last checked out Price effective from Koha item type
    Dewey Decimal Classification     Non-fiction RIC Library RIC Library General Stacks 07/18/2025 M/s Allied Informatics 2495.00 13399/12.07.25 1 4 954.035 AMBP 003110 02/03/2026 11/27/2025 07/18/2025 Book

Venue

Rajasthan International Centre
Sansthan Path,JLN Marg, Jaipur- 302017
Phone: +91-7230904025